| 000 | 00610cam a2200205ua 4500 | ||
|---|---|---|---|
| 001 | 5496 | ||
| 005 | 20260515113909.0 | ||
| 008 | 130925n ii |||gr||||Z||||||eng | ||
| 020 | _a978-0-07-133205-7, 0-07-133205-7 | ||
| 040 | _cMAIN | ||
| 082 | _a050 | ||
| 245 | 1 | 4 |
_aGeneral studies 2012 paper-I _bfor civil services preliminary examination _cby |
| 260 |
_aNew Delhi: _bTata McGraw Hill Education private limited, _c2012. |
||
| 300 | _axliii,. | ||
| 653 | _aGeneral serial publications | ||
| 653 | _aGeneral knowlwdge | ||
| 653 | _aGeneral awareness | ||
| 700 | 1 |
_aChand, Tara, _eCoordinator. |
|
| 942 | _cBK | ||
| 999 |
_c4671 _d4671 |
||